[Event "Stay Safe Play From Home 293"]
[Site "Emanuel Lasker Arena"]
[Date "2020.07.10"]
[Round "6"]
[White "Lazieri3"]
[Black "Edmatuag"]
[Result "1-0"]
[WhiteElo "2074"]
[BlackElo "1665"]
[Annotator "TA"]
[PlyCount "97"]
[EventDate "2020.07.10"]
[EventType "swiss (blitz)"]

{[%evp 10,96,27,15,57,20,25,20,86,88,88,78,84,33,45,37,37,36,45,37,39,25,130,136,148,130,593,240,527,516,2300,1420,1114,713,716,707,727,733,736,717,762,744,818,781,2406,2281,2193,2111,2011,1945,1839,1668,29977,29978,29977,29979,29999,29977,29987,29988,29989,29988,29990,29989,29990,29990,29992,29991,29991,29991,29991,29991,29993,29994,29994,29995,29995,29996,29996,29997,29998,29998,29998,29998,29998,29998,29998,29999,29999]} 1. e4 c6 2. Nc3 d5 3. d4 dxe4 4. Nxe4 Nf6 5. Nxf6+ exf6 6. Nf3 Be7 {B15: Caro-Kann: 3 Nc3: 3...g6 and 3...dxe4 4 Nxe4 Nf6 5 Nxf6+ exf6.} 7. Bc4 O-O 8. O-O Be6 {[#]} (8... Na6 $11) 9. Bxe6 $146 ({Predecessor:} 9. Bb3 Bxb3 10. axb3 Na6 11. Bf4 Bd6 12. Bxd6 Qxd6 13. Re1 Rad8 14. Qd2 Rd7 15. Re2 {1-0 (24) Ayupova,A-Jusupov,T (2044) Kazan 2009}) 9... fxe6 10. Re1 Qd7 11. c3 (11. Qe2 $16) 11... Na6 12. Qb3 {Bf4 is the strong threat.} Nc7 13. Bf4 $36 {[%mdl 2048] aiming for Bxc7. White has the initiative.} Nd5 14. Bg3 Bd6 15. c4 {[#] Strongly threatening Bxd6.} Bxg3 (15... Nc7 $1 $11 {remains equal.}) 16. cxd5 ({Much worse is} 16. fxg3 $6 Nc7 $11) 16... Bd6 17. dxc6 ({But not} 17. Rxe6 $6 cxd5 18. Re2 Qf7 $11) 17... Qe7 $2 {[%mdl 8192] Now Black is done in.} (17... bxc6 $16 {is a better chance.} 18. Rxe6 Kh8) 18. cxb7 (18. Rxe6 $142 Qf7 19. Rxd6) 18... Rab8 $2 {[#]} (18... Rae8 {was called for.} 19. Rac1 Qd7) 19. Rxe6 $18 (19. Qxe6+ Qxe6 20. Rxe6 Rfd8 $16) 19... Qd7 (19... Rxb7 $142 20. Qd5 Qf7 21. Rxd6 (21. Qxd6 Rb6 $16) 21... Qxd5 22. Rxd5 Rxb2) 20. Rxd6+ Qf7 21. Qxf7+ Rxf7 22. b3 Rfxb7 23. Rc1 h6 24. Nh4 Kh7 25. h3 Rb5 26. g4 Rg5 27. Rc7 Rg8 28. Rdd7 h5 29. f3 hxg4 30. hxg4 Kh6 31. Nf5+ {White mates.} Rxf5 32. gxf5 g5 33. fxg6 Rxg6+ 34. Kf2 Kg5 35. Ke3 Kh6 36. Rh7+ Kg5 37. Rhg7 Kf5 38. Rxg6 Kxg6 39. Rxa7 {[%mdl 4096] Endgame KR-KP} Kf5 40. d5 Kg5 41. d6 f5 42. d7 f4+ 43. Ke4 Kh4 44. d8=Q+ Kh5 45. Rh7+ Kg6 46. Qg8+ Kf6 47. Rh6+ Ke7 48. Qg7+ Ke8 49. Rh8# {Accuracy: White = 59%, Black = 35%.} 1-0

[Event "Stay Safe Play From Home 293"]
[Site "Emanuel Lasker Arena"]
[Date "2020.07.10"]
[Round "6"]
[White "UHU4"]
[Black "Justwatch"]
[Result "0-1"]
[WhiteElo "1448"]
[BlackElo "1632"]
[Annotator "NA RC"]
[PlyCount "62"]
[EventDate "2020.07.10"]
[EventType "swiss (blitz)"]

{Manoc a, Calota} 1. e4 {[%emt 0:00:02]} Nf6 {[%emt 0:00:00]} 2. e5 {[%emt 0:00:02]} Nd5 {[%emt 0:00:00]} 3. Bc4 {[%emt 0:00:01]} Nb4 {[%emt 0:00:00]} 4. Bxf7+ {[%emt 0:00:01]} Kxf7 {[%emt 0:00:02]} 5. Nf3 {[%emt 0:00:04]} Ke8 {[%emt 0:00:00]} 6. O-O {[%emt 0:00:01]} e6 {[%emt 0:00:00]} 7. d4 {[%emt 0:00:01]} Be7 {[%emt 0:00:00]} 8. c3 {[%emt 0:00:01]} Nd5 {[%emt 0:00:01]} 9. c4 {[%emt 0:00:01]} Nb6 {[%emt 0:00:01]} 10. Nc3 {[%emt 0:00:01]} Bb4 {[%emt 0:00:02]} 11. d5 {[%emt 0:00:01]} Bxc3 {[%emt 0:00:00]} 12. bxc3 {[%emt 0:00:01]} exd5 {[%emt 0:00:00]} 13. cxd5 {[%emt 0:00:01]} Qe7 {[%emt 0:00:02]} 14. a4 {[%emt 0:00:04]} Kf7 {[%emt 0:00:00]} 15. Ba3 {[%emt 0:00:02]} Qe8 {[%emt 0:00:04]} 16. Ng5+ {[%emt 0:00:02]} Kg8 {[%emt 0:00:01]} 17. Qd3 {[%emt 0:00:02]} d6 {[%emt 0:00:03]} 18. e6 {[%emt 0:00:01]} N6d7 {[%emt 0:00:02]} 19. Nf7 {[%emt 0:00:01]} Nf6 {[%emt 0:00:02]} 20. Rfe1 {[%emt 0:00:05]} Qe7 {[%emt 0:00:06]} 21. c4 {[%emt 0:00:02]} b6 {[%emt 0:00:01]} 22. Re3 {[%emt 0:00:03]} Na6 {[%emt 0:00:01]} 23. Rae1 {[%emt 0:00:02]} Nc5 {[%emt 0:00:00]} 24. Bxc5 {[%emt 0:00:01]} bxc5 {[%emt 0:00:01]} 25. Rg3 {[%emt 0:00:01]} g6 {[%emt 0:00:01]} 26. Nxh8 {[%emt 0:00:05]} Kxh8 {[%emt 0:00:01]} 27. Rh3 {[%emt 0:00:01]} Kg7 {[%emt 0:00:01]} 28. Qe3 {[%emt 0:00:02]} h5 {[%emt 0:00:02]} 29. f4 {[%emt 0:00:02]} Ng4 {[%emt 0:00:02]} 30. Qg3 {[%emt 0:00:04]} Qf6 {[%emt 0:00:00]} 31. f5 {[%emt 0:00:01]} Qd4+ {[%emt 0:00:00] Tiempo (Lag: Av=0.62s, max=1.0s)} 0-1

[Event "Stay Safe Play From Home 293"]
[Site "Emanuel Lasker Arena"]
[Date "2020.07.10"]
[Round "7"]
[White "Broken sword"]
[Black "Lazieri3"]
[Result "1-0"]
[WhiteElo "2517"]
[BlackElo "2076"]
[Annotator "TA"]
[PlyCount "89"]
[EventDate "2020.07.10"]
[EventType "swiss (blitz)"]

{[%evp 13,89,25,31,0,7,1,7,7,2,0,0,0,6,0,0,-10,6,5,10,0,8,-3,0,0,0,0,0,0,-4,-48,-9,0,20,-6,73,73,77,48,74,69,66,52,133,70,100,79,233,68,107,107,169,172,222,132,124,101,134,129,126,129,350,358,349,318,535,504,469,468,479,507,593,550,685,731,773,772,712,699]} 1. e4 c6 2. d4 d5 3. Nc3 dxe4 4. Nxe4 Nd7 5. Nf3 Ndf6 6. Nxf6+ Nxf6 7. h3 Bf5 8. Bf4 {B17: Caro-Kann: Modern Line (4...Nd7).} e6 9. c3 Bd6 10. Bxd6 {The position is equal.} Qxd6 11. Be2 h6 12. O-O O-O 13. Qb3 b6 14. Rfe1 {[#]} Rfd8 $146 ({Predecessor:} 14... c5 15. Rad1 Rad8 16. dxc5 Qxc5 17. Nd4 Be4 18. Qb5 Qc7 19. Qc4 Qb7 20. Bf3 Bxf3 21. Nxf3 {½-½ (29) Vltavsky,V (2213)-Contos,V (2115) Czechia 2014}) 15. Rad1 Rac8 16. Ba6 Rc7 17. Ne5 Nd7 18. a4 Nxe5 19. dxe5 {[%mdl 64] [#] Pin} Qe7 20. Rxd8+ Qxd8 21. Qc4 c5 22. Bb5 Qd5 23. Qe2 Rc8 (23... c4 $11) 24. Rd1 $16 Qb3 25. Rd6 (25. g4 {feels hotter.} Bh7 26. f4 Rb8 27. Rd2 Qa2 28. Bc6) 25... Qc2 26. Qxc2 Bxc2 {[%mdl 4096] Endgame KRB-KRB} 27. f4 Bf5 ({Black should try} 27... g5 $14) 28. Kf2 (28. Rd7 $16) 28... g5 29. g4 Bg6 $2 {[#]} (29... Bc2 $16 {was called for.}) 30. Ke3 $2 ({Better is} 30. f5 $1 $18 {[%mdl 512]} exf5 31. Bd7 {[%mdl 64] Double Attack}) 30... gxf4+ 31. Kxf4 Kg7 (31... Rc7 $16) 32. Rd7 $18 a5 33. Rd6 (33. Rb7 $18) 33... Rb8 $16 34. h4 Kf8 35. h5 Bc2 36. g5 hxg5+ $2 (36... Kg7 $16 37. Rd2 Bb3) 37. Kxg5 $18 Kg7 38. h6+ Kf8 $2 (38... Kh7 39. Bd3+ Bxd3 40. Rxd3 b5) 39. Kf6 {White is clearly winning.} Kg8 40. Rd7 Rf8 41. Rb7 Bg6 42. Rxb6 Kh7 43. Rc6 Kxh6 44. Rxc5 Bf5 45. Rc7 {Accuracy: White = 73%, Black = 40%.} 1-0

[Event "Stay Safe Play From Home 293"]
[Site "Emanuel Lasker Arena"]
[Date "2020.07.10"]
[Round "7"]
[White "AChessPlayer"]
[Black "Lamborghini"]
[Result "1-0"]
[WhiteElo "2411"]
[BlackElo "2187"]
[Annotator "TA"]
[PlyCount "105"]
[EventDate "2020.07.10"]
[EventType "swiss (blitz)"]

{[%evp 9,105,-14,-18,-13,2,-6,23,18,35,19,35,25,57,14,49,43,47,26,40,40,38,34,37,25,31,0,0,-6,23,-22,12,12,204,139,158,149,127,141,141,164,150,147,177,0,0,2,3,0,0,0,167,164,150,131,114,12,18,12,17,17,37,35,53,44,29,0,388,338,711,682,613,567,900,433,397,316,1148,1083,791,451,1095,943,806,451,443,428,1410,1387,1180,810,1419,1339,29985,3,29986,29987,29988,29989]} 1. g3 g6 2. Bg2 Bg7 3. h4 Nf6 {[#]} 4. Nf3 $146 ({Predecessor:} 4. e4 d5 5. exd5 Bg4 6. Ne2 Nxd5 7. Nbc3 c6 8. h5 Bxh5 9. Nxd5 cxd5 10. f3 f5 {½-½ (52) Vachier Lagrave,M (2795)-Grischuk,A (2750) chess.com INT 2017}) 4... h5 5. d3 O-O 6. Ng5 {A00: Irregular Openings.} d6 7. c4 Nbd7 8. Nc3 {White has an edge.} Ne5 9. Rb1 c6 10. b4 {[%cal Bb2b4,Bb4b5][%mdl 32]} a6 11. a4 a5 12. b5 c5 13. Bd2 Neg4 14. O-O Rb8 15. Qc2 b6 16. e3 e6 17. Nce4 d5 18. Nxf6+ Nxf6 (18... Bxf6 {is more complex.} 19. Rbd1 Bb7 20. f3 Ne5 21. Bc3 d4) 19. cxd5 exd5 20. e4 c4 $2 (20... Rb7 $11) 21. exd5 (21. dxc4 $6 dxe4 22. Bf4 (22. Nxe4 Bf5 $16) 22... Bf5 $16) 21... cxd3 22. Qxd3 Bf5 23. Ne4 $1 Nxd5 24. Bg5 $1 {[%cal Rg5d8]} Qd7 25. Rbd1 Rfe8 26. Qxd5 $2 ({White must play} 26. Rfe1 $1 $18 Be6 27. Qa3) 26... Qxd5 $11 27. Rxd5 Bxe4 28. Rd6 Bxg2 29. Kxg2 Be5 $2 (29... Re4 $11 {and Black stays safe.}) 30. Rc6 $18 Bd4 31. Rd1 Bc5 32. Rd3 (32. Kf3 $16) 32... Re2 $11 33. Be3 (33. Rf6 {looks sharper.} Rb7 34. Rd2 Rxd2 35. Bxd2 Rd7 36. Be3) 33... Bxe3 34. Rxe3 Rxe3 35. fxe3 {[%mdl 4096] Endgame Black must now prevent Kf3. KR-KR} Kf8 $1 36. Kf3 Ke7 37. e4 {aiming for e5.} Rb7 $2 {[%mdl 8192] Black is now going downhill.} (37... Rd8 $1 $11 {and Black has nothing to worry.}) 38. Kf4 $18 f6 $2 (38... Rd7 39. Rxb6 Rd4) 39. e5 fxe5+ 40. Kxe5 Kf7 41. Kf4 (41. Kd6 $142 {Threatens to win with Rc7+.} Kf6 42. Rc8) 41... Rd7 {and the idea ...Rd4+ leaves Black hopeful.} 42. Kg5 Rd5+ $2 (42... Rd3 43. Rf6+ (43. Rxb6 Rxg3+ 44. Kh6 Rg4 $11) 43... Ke7 44. Rxg6 Rxg3+ 45. Kxh5 Ra3 46. Rxb6 Rxa4) 43. Kh6 Rd4 44. Rxb6 Rg4 (44... Rxa4 $142 45. Ra6 Rg4 46. Rxa5 Rb4 47. Ra7+ Kf6 48. Ra6+ Kf7 49. Rxg6 Rxb5) 45. Rb7+ Kf6 46. Ra7 Rxa4 47. Ra6+ Kf5 (47... Kf7 $142 48. b6 Rb4 49. Ra7+ (49. Rxa5 Rxb6 50. Ra3 Rf6 $16) 49... Kf6) 48. Rxg6 Rb4 49. Rg5+ Ke4 50. Kxh5 a4 51. Kg6 $2 (51. Rg4+ {mates} Kd5 52. Rxb4 Kc5 {[#]} 53. b6 $1 {[%mdl 512]} a3 54. b7 $1 {[%mdl 512]} Kxb4 55. b8=Q+ Kc4 56. Qf4+ Kb5 57. g4) 51... a3 $2 {[%mdl 8192]} (51... Kf3 $11) 52. Rg4+ Kd3 53. Rxb4 {Accuracy: White = 59%, Black = 43%.} 1-0

[Event "Stay Safe Play From Home 293"]
[Site "Emanuel Lasker Arena"]
[Date "2020.07.10"]
[Round "7"]
[White "Edmatuag"]
[Black "SoulofWolf"]
[Result "0-1"]
[WhiteElo "1662"]
[BlackElo "2259"]
[Annotator "TA"]
[PlyCount "86"]
[EventDate "2020.07.10"]
[EventType "swiss (blitz)"]

{[%evp 9,86,-75,-69,-89,-66,-87,-67,-123,-109,-270,-259,-268,-270,-270,-267,-254,-253,-306,-311,-565,-493,-603,-337,-327,-314,-305,-173,-202,-190,-265,-191,-337,-262,-255,-79,-63,0,-274,-297,-279,-197,-396,838,-266,965,926,1194,1168,1123,1096,1116,1113,1635,1592,1587,1534,1966,1428,1920,1349,1835,1689,29989,29989,29993,29993,29993,29993,29993,29994,29994,29994,29994,29993,29993,29994,29995,29996,29996]} 1. f3 c5 2. Nh3 e6 ({Predecessor:} 2... Nc6 3. c3 Nf6 4. Qb3 d5 5. Nf2 e6 6. e3 a6 7. Be2 Be7 8. O-O O-O 9. c4 {0-1 (46) De Oliveira,A (1800)-De Freitas,L (1678) Juiz de Fora 2016}) 3. Nf2 Nf6 4. d3 d5 5. Nc3 Nc6 6. e3 {A00: Irregular Openings.} Be7 7. Bd2 O-O 8. Qe2 (8. e4 $15) 8... Rb8 9. O-O-O $2 (9. Ncd1 $17) 9... b5 $19 {[%cal Bb7b5,Bb5b4][%mdl 32]} 10. Kb1 b4 11. Na4 a5 12. b3 Bd7 13. Nb2 Na7 {[%cal Bc6a7,Ba7b5,Bb5a3][%mdl 32]} 14. c3 $2 (14. Rc1) 14... Nb5 15. c4 Na3+ 16. Kc1 Ne8 17. e4 f6 (17... Nd6 $142 18. exd5 exd5) 18. exd5 exd5 19. cxd5 (19. g3 {might work better.}) 19... Nd6 20. Ne4 (20. Bf4 $142 Nab5 21. Ne4) 20... Re8 21. Qf2 Nxe4 $2 (21... f5 $19 {has better winning chances.} 22. Nxd6 Bxd6) 22. dxe4 $17 {Bf4 is the strong threat.} a4 (22... Bd6 $15) 23. Bc4 $2 {[%mdl 8192]} ({Much worse is} 23. bxa4 {[#]} c4 $1 $17 {[%mdl 512]}) (23. Bf4 $1 $11) 23... Bd6 $19 24. Qe3 Qc7 25. Qf2 $2 (25. Qd3) 25... Be5 $4 {[%mdl 8192]} (25... axb3 $19 26. axb3 Qa5) 26. Be3 $4 {[%mdl 8192]} (26. d6+ $1 $18 {is the narrow road to win.} Nxc4 27. dxc7 Nxb2 28. cxb8=Q Rxb8 29. Bc3 Nxd1 30. Rxd1 Bf4+ 31. Bd2) 26... Rec8 $4 {[%mdl 8192]} (26... axb3 $19 27. axb3 Qa5) 27. d6+ $1 $18 {[%mdl 64] Discovered Attack} Kh8 28. dxc7 Rxc7 29. Bxc5 axb3 30. axb3 {[%cal Ba2b3,Bb3c4][%mdl 32]} Bxb2+ 31. Kxb2 Nxc4+ 32. bxc4 Be6 33. Rd5 h6 34. Ra1 Rcc8 35. Ra6 Kh7 36. Rxe6 {White mates.} Rf8 37. Re7 Rg8 38. Qd4 Ra8 39. Qxf6 b3 40. Qf5+ Kh8 41. Rdd7 Ra2+ 42. Kxb3 Raa8 {[#]} 43. Rxg7 $1 {[%csl Gd7,Gf5][%cal Rg7h7]} Rab8+ {[%mdl 32768] Accuracy: White = 31%, Black = 40%. . Loss on time!?} (43... Rxg7 44. Qf6) 0-1

[Event "Stay Safe Play From Home 293"]
[Site "Emanuel Lasker Arena"]
[Date "2020.07.10"]
[Round "7"]
[White "Trotsky"]
[Black "Mepe_Nika"]
[Result "0-1"]
[WhiteElo "1592"]
[BlackElo "2346"]
[Annotator "TA"]
[PlyCount "34"]
[EventDate "2020.07.10"]
[EventType "swiss (blitz)"]

{[%evp 9,34,-4,0,-70,-66,-87,-67,-155,-122,-258,-243,-234,-222,-229,-197,-331,-320,-455,-465,-1176,-1171,-1152,-1147,-1437,-1423,-2562,-2519]} 1. d4 g6 2. e3 Bg7 3. c4 Nf6 4. Nc3 O-O 5. Bd3 d5 6. Qc2 {[#] E61: King's Indian: Early deviations for White, including Smyslov System.} ({Better is} 6. h3 $11) 6... c5 $1 {[%mdl 512]} 7. Nf3 (7. dxc5 Na6) 7... Nc6 8. a3 (8. cxd5 $15 Nb4 9. Qd2) 8... cxd4 {[#]} 9. Ne2 $146 (9. Nxd5 $17 Nxd5 10. cxd5 Qxd5 11. O-O) ({Predecessor:} 9. exd4 dxc4 10. Bxc4 Nxd4 11. Nxd4 Qxd4 12. Qb3 Qe5+ 13. Ne2 Ne4 14. O-O Nc5 15. Qa2 {0-1 (48) Turuncic,B (1736)-Tietzen,S (2159) Passau 2000}) 9... dxc4 10. Bxc4 {[%cal Re2d4]} dxe3 11. Bxe3 Bf5 12. Qb3 (12. Qa4 $142) 12... Na5 $19 13. Rd1 (13. Qa2 {might work better.}) 13... Nxb3 {Black is clearly winning.} 14. Bxb3 (14. Rxd8 $142 Rfxd8 15. Bxb3) 14... Qa5+ 15. Bd2 Qb6 16. Ba2 Qxb2 17. Ra1 Qxa1+ {White did not feel at home in the position after the opening.} 0-1

[Event "Stay Safe Play From Home 293"]
[Site "Emanuel Lasker Arena"]
[Date "2020.07.10"]
[Round "7"]
[White "Klasman"]
[Black "Don59as"]
[Result "0-1"]
[WhiteElo "1373"]
[BlackElo "2149"]
[Annotator "NA"]
[PlyCount "44"]
[EventDate "2020.07.10"]
[EventType "swiss (blitz)"]

1. f4 {[%emt 0:00:02]} e5 {[%emt 0:00:01]} 2. fxe5 {[%emt 0:00:04]} d6 {[%emt 0:00:01]} 3. Nf3 {[%emt 0:00:01]} dxe5 {[%emt 0:00:01]} 4. e4 {[%emt 0:00:01]} Nc6 {[%emt 0:00:01]} 5. Bc4 {[%emt 0:00:01]} Bd6 {[%emt 0:00:01]} 6. O-O {[%emt 0:00:02]} Nf6 {[%emt 0:00:00]} 7. d3 {[%emt 0:00:02]} h6 {[%emt 0:00:01]} 8. Be3 {[%emt 0:00:02]} O-O {[%emt 0:00:01]} 9. Nc3 {[%emt 0:00:01]} Be6 {[%emt 0:00:01]} 10. Bxe6 {[%emt 0:00:03]} fxe6 {[%emt 0:00:00]} 11. Qd2 {[%emt 0:00:01]} Ng4 {[%emt 0:00:02]} 12. h3 {[%emt 0:00:03]} Nxe3 {[%emt 0:00:02]} 13. Qxe3 {[%emt 0:00:01]} Qe7 {[%emt 0:00:00]} 14. Rae1 {[%emt 0:00:02]} Bc5 {[%emt 0:00:01]} 15. Kh1 {[%emt 0:00:04]} Bxe3 {[%emt 0:00:02]} 16. Rxe3 {[%emt 0:00:01]} Nd4 {[%emt 0:00:00]} 17. Ne2 {[%emt 0:00:08]} Nxc2 {[%emt 0:00:03]} 18. Nxe5 {[%emt 0:00:05]} Rxf1+ {[%emt 0:00:02]} 19. Kh2 {[%emt 0:00:01]} Nxe3 {[%emt 0:00:01]} 20. Ng6 {[%emt 0:00:01]} Qg5 {[%emt 0:00:02]} 21. Ng3 {[%emt 0:00:02]} Qxg6 {[%emt 0:00:02]} 22. Nf5 {[%emt 0:00:02]} Qxg2# {[%emt 0:00:01] (Lag: Av=0.76s, max=5.2s)} 0-1

[Event "Stay Safe Play From Home 293"]
[Site "Emanuel Lasker Arena"]
[Date "2020.07.10"]
[Round "8"]
[White "Broken sword"]
[Black "Klasman"]
[Result "1-0"]
[WhiteElo "2519"]
[BlackElo "1373"]
[Annotator "TA"]
[PlyCount "55"]
[EventDate "2020.07.10"]
[EventType "swiss (blitz)"]

{[%evp 9,55,111,124,122,129,100,97,92,100,84,127,0,5,17,137,-40,-50,-39,0,0,0,0,6,0,30,2,9,-429,18,0,10,0,34,36,45,1,5,1,9,0,8,9,48,0,0,0,0,-9]} 1. e4 f5 2. exf5 Nf6 3. d4 d5 4. Bd3 Nc6 5. c3 e6 6. fxe6 {[#] B00: Queen's Fianchetto Defence, Nimzowitsch Defence.} Bd6 $146 ({Predecessor:} 6... Bxe6 7. Nf3 Bd6 8. Qe2 Qe7 9. Ng5 Bg4 10. Qxe7+ {1-0 (10) Krnan,T (2408)-Gettler,D (2052) Tatranske Zruby 2019}) 7. Ne2 Bxe6 8. Bf4 {White is better.} O-O {next ...Ng4 is good for Black.} 9. O-O Ng4 10. Bxd6 (10. Qc1 $16) 10... Qxd6 $11 {[%csl Gg4][%cal Rd6h2]} 11. Ng3 Rf7 (11... h5 $1 $11) 12. h3 $2 ({White should play} 12. Nd2 $16) 12... Nxf2 $1 $15 {[%mdl 64] [#] Remove Defender} 13. Rxf2 Qxg3 14. Rxf7 Bxf7 15. Na3 Rf8 16. Qd2 Bh5 17. Rf1 (17. Re1 {looks sharper.} h6 18. Re3 Qg5 19. Nb5 Qf4 20. Qe1) 17... Re8 18. Qf2 $2 {[%mdl 8192]} (18. Nc2 $11) 18... Qxf2+ $2 (18... Qxd3 $19 19. Qf5 Qxf5 20. Rxf5 Bf7) 19. Rxf2 Nd8 20. g4 Bf7 21. Nb5 c6 {[#] aiming for ...Re3.} 22. Nd6 Re7 23. Nf5 Re1+ 24. Kh2 Ra1 25. a3 g6 26. Ng3 Kg7 27. Ne2 Ne6 28. Kg2 {[%mdl 32768] Accuracy: White = 60%, Black = 55%. . Sensor Board Error (Ke4/e5)?} 1-0

[Event "Stay Safe Play From Home 293"]
[Site "Emanuel Lasker Arena"]
[Date "2020.07.10"]
[Round "8"]
[White "AChessPlayer"]
[Black "Don59as"]
[Result "1-0"]
[WhiteElo "2418"]
[BlackElo "2150"]
[Annotator "NA"]
[PlyCount "105"]
[EventDate "2020.07.10"]
[EventType "swiss (blitz)"]

1. e4 {[%emt 0:00:01]} e5 {[%emt 0:00:01]} 2. Nf3 {[%emt 0:00:00]} Nc6 {[%emt 0:00:00]} 3. Bb5 {[%emt 0:00:00]} f5 {[%emt 0:00:01]} 4. d3 {[%emt 0:00:01]} Nf6 {[%emt 0:00:01]} 5. O-O {[%emt 0:00:01]} Be7 {[%emt 0:00:00]} 6. exf5 {[%emt 0:00:03]} O-O {[%emt 0:00:01]} 7. Re1 {[%emt 0:00:02]} d6 {[%emt 0:00:01]} 8. Bc4+ {[%emt 0:00:02]} Kh8 {[%emt 0:00:01]} 9. Ng5 {[%emt 0:00:00]} Qe8 {[%emt 0:00:03]} 10. Be6 {[%emt 0:00:01]} h6 {[%emt 0:00:04]} 11. Bxc8 {[%emt 0:00:01]} Rxc8 {[%emt 0:00:02]} 12. Ne6 {[%emt 0:00:00]} Rg8 {[%emt 0:00:01]} 13. Nc3 {[%emt 0:00:00]} Qf7 {[%emt 0:00:03]} 14. Ne4 {[%emt 0:00:02]} Nd5 {[%emt 0:00:02]} 15. g4 {[%emt 0:00:02]} Nd4 {[%emt 0:00:04]} 16. c3 {[%emt 0:00:01]} Nxe6 {[%emt 0:00:01]} 17. fxe6 {[%emt 0:00:01]} Qxe6 {[%emt 0:00:00]} 18. Ng3 {[%emt 0:00:01]} Rcf8 {[%emt 0:00:02]} 19. h3 {[%emt 0:00:00]} Bh4 {[%emt 0:00:02]} 20. Nf5 {[%emt 0:00:03]} Rxf5 {[%emt 0:00:01]} 21. gxf5 {[%emt 0:00:00]} Qxf5 {[%emt 0:00:00]} 22. Re4 {[%emt 0:00:09]} Qxf2+ {[%emt 0:00:03]} 23. Kh1 {[%emt 0:00:00]} Rf8 {[%emt 0:00:05]} 24. Bxh6 {[%emt 0:00:04]} gxh6 {[%emt 0:00:02]} 25. Qh5 {[%emt 0:00:04]} Bg5 {[%emt 0:00:04]} 26. Rg1 {[%emt 0:00:02]} Qf3+ {[%emt 0:00:02]} 27. Qxf3 {[%emt 0:00:02]} Rxf3 {[%emt 0:00:00]} 28. h4 {[%emt 0:00:00]} Rh3+ {[%emt 0:00:01]} 29. Kg2 {[%emt 0:00:00]} Rxh4 {[%emt 0:00:01]} 30. Rxh4 {[%emt 0:00:00]} Bxh4 {[%emt 0:00:00]} 31. Re1 {[%emt 0:00:01]} Bg5 {[%emt 0:00:00]} 32. c4 {[%emt 0:00:01]} Nf4+ {[%emt 0:00:01]} 33. Kf3 {[%emt 0:00:00]} Nxd3 {[%emt 0:00:01]} 34. Rh1 {[%emt 0:00:00]} Nxb2 {[%emt 0:00:01]} 35. Ke4 {[%emt 0:00:01]} Nxc4 {[%emt 0:00:01]} 36. Kf5 {[%emt 0:00:00]} Kg7 {[%emt 0:00:01]} 37. Ke6 {[%emt 0:00:00]} e4 {[%emt 0:00:01]} 38. Kd5 {[%emt 0:00:01]} e3 {[%emt 0:00:00]} 39. Kxc4 {[%emt 0:00:01]} c6 {[%emt 0:00:02]} 40. Kd3 {[%emt 0:00:00]} d5 {[%emt 0:00:00]} 41. a4 {[%emt 0:00:00]} c5 {[%emt 0:00:00]} 42. Rb1 {[%emt 0:00:00]} d4 {[%emt 0:00:00]} 43. Rxb7+ {[%emt 0:00:01]} Kg6 {[%emt 0:00:00]} 44. Rc7 {[%emt 0:00:00]} Kf5 {[%emt 0:00:00]} 45. Rxc5+ {[%emt 0:00:01]} Kf4 {[%emt 0:00:01]} 46. Rc7 {[%emt 0:00:02]} Kf3 {[%emt 0:00:00]} 47. Rf7+ {[%emt 0:00:00]} Bf4 {[%emt 0:00:00]} 48. a5 {[%emt 0:00:02]} e2 {[%emt 0:00:00]} 49. Re7 {[%emt 0:00:00]} Bg3 {[%emt 0:00:01]} 50. Rxe2 {[%emt 0:00:01]} Bf4 {[%emt 0:00:01]} 51. Rc2 {[%emt 0:00:00]} Be3 {[%emt 0:00:00]} 52. Rc4 {[%emt 0:00:00]} h5 {[%emt 0:00:00]} 53. a6 {[%emt 0:00:00] Time (Lag: Av=0.76s, max=1.7s)} 1-0

[Event "Stay Safe Play From Home 293"]
[Site "Emanuel Lasker Arena"]
[Date "2020.07.10"]
[Round "8"]
[White "SoulofWolf"]
[Black "Trotsky"]
[Result "1-0"]
[WhiteElo "2260"]
[BlackElo "1592"]
[Annotator "TA"]
[PlyCount "79"]
[EventDate "2020.07.10"]
[EventType "swiss (blitz)"]

{[%evp 10,79,1,0,31,8,15,20,34,15,76,-50,48,-61,112,105,346,282,409,426,532,331,367,328,389,387,475,378,602,551,927,923,1102,1099,1675,1622,1725,1591,1736,1633,1499,1465,1400,1371,1522,1545,4898,2902,3078,2623,5643,2887,29991,29992,29998,29988,29988,29989,29995,29993,29997,29997,29997,29997,29997,29997,29997,29997,29997,29998,29998,29998]} 1. Nf3 d5 2. c4 e6 3. e3 c5 4. Nc3 Nc6 5. cxd5 exd5 6. d4 Be6 {D32: Tarrasch Defence: Sidelines and lines without g3.} 7. Bb5 Nf6 8. O-O Qc7 {[#] The position is equal.} 9. Re1 $146 ({Predecessor:} 9. Bd2 Bd6 10. dxc5 Bxc5 11. Rc1 Bd6 12. Bxc6+ Qxc6 13. Ne4 Qd7 14. Nxd6+ Qxd6 15. Qb3 {½-½ (55) Gudat,A (1942)-Mitzel,R (1942) Bad Sooden 2006}) 9... c4 (9... Bd6 $11) 10. g3 (10. e4 $16 dxe4 11. Nxe4) 10... O-O-O (10... Bb4 $15) 11. b3 ({Better is} 11. Qa4 $14) 11... Bd6 $2 {[#]} (11... Bb4 $15 {keeps the upper hand.} 12. Bd2 Bg4 13. Bxc6 Bxc3 14. Bxc3 Ne4) 12. bxc4 $16 h5 $2 {This costs Black the game.} (12... dxc4 $16 {was worth a try.} 13. Qa4 a6 14. Bxc4 Nxd4 15. Bxe6+ Nxe6) 13. c5 Bxg3 (13... Be7 $142 14. Qc2 Kb8) 14. fxg3 $18 ({Much less strong is} 14. hxg3 h4 $18) 14... Ng4 15. Kg2 h4 {If only Black now had time for ...hxg3....} 16. Rh1 hxg3 17. hxg3 f5 18. a4 Ne7 (18... Kb8 $142 19. Be2 Qe7) 19. Bd3 Ng6 20. Nb5 Qb8 21. Rb1 f4 22. exf4 Nxf4+ 23. Bxf4 Qxf4 24. gxf4 Ne3+ 25. Kf2 Nxd1+ 26. Rbxd1 Rxh1 27. Rxh1 a6 28. Nd6+ Kc7 29. Rh7 Rd7 30. Ng5 b6 31. Nxe6+ {White mates.} Kc6 32. Rxg7 bxc5 33. Rxd7 c4 34. Rd8 a5 35. Bc2 Kb6 36. f5 Ka6 37. f6 Ka7 38. f7 Kb6 39. f8=Q Kc6 40. Rc8+ {Accuracy: White = 64%, Black =  8%.} 1-0